明两京十三布政使司(1582年)- 地图版 - Statistics

General Stats
  • This quiz has been taken 129 times
  • The average score is 14 of 15
Answers on the Map
Answers color-coded by a green-red scale on the quiz's map according to % correct below.
 
Answer Stats
承宣布政使司 % Correct
山东等处承宣布政使司
98%
浙江等处承宣布政使司
98%
福建等处承宣布政使司
98%
京师(北直隶)
97%
山西等处承宣布政使司
97%
江西等处承宣布政使司
97%
广东等处承宣布政使司
97%
广西等处承宣布政使司
97%
云南等处承宣布政使司
97%
河南等处承宣布政使司
96%
四川等处承宣布政使司
95%
贵州等处承宣布政使司
95%
陕西等处承宣布政使司
94%
南京(南直隶)
91%
湖广等处承宣布政使司
90%
No matching quizzes found
Score Distribution
Percent of People with Each Score
Percentile by Number Answered
Your Score History
You have not taken this quiz